| 000 | 00608nam a22001937a 4500 | ||
|---|---|---|---|
| 005 | 20100807145430.0 | ||
| 010 | _aENG-98904 | ||
| 020 | _c200.00 | ||
| 035 | _aEN-82436 | ||
| 037 | _bDBAD/PUB | ||
| 082 | _a881 | ||
| 100 |
_aAmarendra Kumar _98680 |
||
| 245 |
_aPoetry time here : _bpoems : perspective _cby Amarendra Kumar |
||
| 260 |
_aPatna _bBalaji Graphics _c2010 |
||
| 270 |
_aBari Path, Naya Tola _bPatna _e4 |
||
| 300 |
_a387p. _c21cm (pbk) |
||
| 942 |
_2ddc _cEN _h881 _mAMA |
||
| 999 |
_c40116 _d40116 |
||